| 000 | 00730nam a22001337a 4500 | ||
|---|---|---|---|
| 040 | _cRUA | ||
| 082 | _aVEM CHH 2020 B534 Or. | ||
| 100 | _aCHHAM CHHOUY,ឆឹម ឈុយ | ||
| 245 | _aCASE OF SALMONELLA SPP. RESISTANCE ISOLATED ON BROILER CHICKEN V.B.C FARM TAKHMAO CITY, KANDAL PROVINCE,ករណី SALMONELLA SPP. ស៊ាំនឹងឱសថអង់ទីប្យូទិចលើមាន់សាច់នៅកសិដ្ឋាន វី.ប៊ី.ស៊ី ក្រុងតាខ្មៅ ខេត្តកណ្តាល | ||
| 260 |
_aphnom penh _brua _c2020 |
||
| 300 |
_aix.38p. _bill. _c29cm. |
||
| 856 | _uhttps://drive.google.com/file/d/1ArjJfqYawC_6diHxfSjYWREUlZwt1RV5/view?usp=sharing | ||
| 942 | _cVEM | ||
| 999 |
_c23041 _d23041 |
||